Von Regensburg nach Prag 1630 bis 1635: Kaiser und Papst am Höhepunkt des Dreißigjährigen Krieges
| Titel: | Von Regensburg nach Prag 1630 bis 1635: Kaiser und Papst am Höhepunkt des Dreißigjährigen Krieges / Lothar Höbelt |
|---|---|
| Verfasser: | |
| In: |
Römische historische Mitteilungen, Band 60 (2018 [2019]), Seite 101-116 alle Artikel anzeigen |
| Veröffentlicht: | 2018 |
| Format: | Aufsatz |
| Sprache: | Deutsch |
X
alg: 47315493 001A $03025:02-12-20 001B $03025:13-07-23 $t13:11:01.000 001D $03025:02-12-20 001U $0utf8 001X $00 002@ $0Aou 002C $aText $btxt $2rdacontent 002D $aohne Hilfsmittel zu benutzen $bn $2rdamedia 002E $aBand $bnc $2rdacarrier 003@ $0473154935 007A $0473154935 $aHEB 010@ $ager 010E $erda 011@ $a2019 $n2018 021A $aVon Regensburg nach Prag 1630 bis 1635: Kaiser und Papst am Höhepunkt des Dreißigjährigen Krieges $hLothar Höbelt 028A $BVerfasser $#Hobelt, Lothar $#Höbelt, L. $#Hobelt, L. $4aut $7128935499 $8Höbelt, Lothar$Z1956- [Tp1] $9159351715 031A $d60 $h101-116 $j2018 [2019] 039B $aEnthalten in $8--Abvc--. Römische historische Mitteilungen . - Wien : Verl. d. Österreichischen Akad. d. Wissenschaften, 1958-. - ISSN 0080-3790 $x201800000600000899 $9047289082 044K $RKarl $RMaria Anna $RMaria Anna $RFerdinand $RLeopold Wilhelm $REleonore $#FerdinandII. $#Ferdinand II. $#Ferdinand II. $#Ferdinand II. $#Ferdinand $#Ferdinand II. $#Ferdinand II. $#Ferdinand $#Ferdinand $#Ferdinand II. $#Ferdinand II. $#Ferdinand II. $#Ferdinand $#Ferdinand $#Ferdinand II. $#Ferdinand $#Ferdinand $#Ferdinandus II. $#Ferdinandus II. $#Ferdinandus II. $#Ferdinandus $#Ferdinandus II. $#Ferdinandus II. $#Ferdinandt II. $#Ferdinandus II. $#Ferdinandus II. $#Ferdinandus $#Ferdinandus II. $#Ferdinandus II. $#Ferdinandus II. $#Ferdinandus II. $#Ferdinandus $#Ferdinandus II. $#Ferdinandus II. $#Ferdinandt II. $#Ferdynand II. $#Ferdinando II. $#Ferdinando II. $#Ferdinando $#Ferdinando $#Ferdinand II. $#Ferdinand 2. $#Ferdinand $7118532510 $8$PFerdinand$nII.$lHeiliges Römisches Reich, Kaiser$Z1578-1637 [Tp1] $908687358X 044K $#Urban VIII. $#Urbanus VIII. $#Urbanus VIII. $#Urbanus VIII. $#Urbain VIII. $#Barberini, Maffaeus $#Barberinus, Maffeus $#Barberinus, Maphaeus $#Barberinus, Maffaeus $#Barberini, Maphaeus $#Barberini, Maffeo Vincenzo $#Barberino, Maffeo $#Maphaeus $#Urban VIII $#Urban VIII $#Barberini, Maffeo $#Urbano $7118625586 $8$PUrban$nVIII.$lPapst$Z1568-1644 [Tp1] $9086966529 044K $RWeltpolitik $RAußenpolitik $RInternationales politisches System $#International relations $#Relations internationales $#Relazioni internazionali $#Relaciones internacionales $#Internationale Politik $#internationale Politik $#bilaterale Beziehungen $#internationale Beziehungen $#Internationale Beziehungen $#Politische Beziehungen Internationale Politik $#Zwischenstaatliche Beziehungen $74072885-7 $8Internationale Politik [Tsz] $9085205222 044K $RKrieg $#Thirty Years' War, 1618-1648 $#Guerre de Trente Ans (1618-1648) $#Guerra dei trent'anni <1618-1648> $#Guerra de los Treinta Años, 1618-1648 $#Dreißigjähriger Krieg $74012985-8 $8Dreißigjähriger Krieg [Ts1] $908502841X 045F $a200.9437109032 $eDDC23BSB 045F/01 $a200.9 045F/03 $f09032 045F/03 $g4371 045G $a909 $eDDC23BSB 045G/01 $a909 045G/03 $f09032 045G/03 $g4371 045R $aGeschichte 1630-1635 045T $a1 $a8 lok: 47315493 78 exp: 47315493 78 1 #EPN 201B/01 $002-12-20 $t11:01:00.000 201C/01 $002-12-20 201U/01 $0utf8 203@/01 $01131603079 204P/01 $010.1553/rhm60s101 208@/01 $a02-12-20 $be 209A/01 $a/ $f000 $x00 209A/01 $ab*p $x01 220C/01 $apgar 244Z/01 $#Böhmische Kronländer $#Länder der Böhmischen Krone $#Sudetenland $#Böhmen $#Mähren $#Mährisch-Schlesien $#Österreichisch-Schlesien $#Tschechische Sozialistische Republik Böhmische Länder $#Tschechei Böhmische Länder $#Země koruny české $74069573-6 $8--Tg1--Böhmische Länder $x01 $9085195553 247C/01 $82080>Marburg/Lahn, Herder-Institut, Forschungsbibliothek, Bibliographieportal $9336309341
| LEADER | 00000caa a2200000 c 4500 | ||
|---|---|---|---|
| 001 | 473154935 | ||
| 003 | DE-603 | ||
| 005 | 20230713131101.0 | ||
| 007 | tu | ||
| 008 | 201202s2019 xx |||| | u00||u|ger c | ||
| 035 | |a (DE-599)HEB473154935 | ||
| 040 | |a DE-603 |b ger |c DE-603 |d DE-603 |e rda | ||
| 041 | |a ger | ||
| 082 | 0 | 4 | |8 1\u |a 200.9437109032 |q DE-101 |2 23/BSB |
| 083 | 0 | |8 2\u |a 909 |q DE-101 |2 23/BSB | |
| 084 | |a 1 |a 8 |2 ssgn | ||
| 085 | |8 1\u |b 200.9 | ||
| 085 | |8 1\u |z 1 |s 09032 | ||
| 085 | |8 1\u |z 2 |s 4371 | ||
| 085 | |8 2\u |b 909 | ||
| 085 | |8 2\u |z 1 |s 09032 | ||
| 085 | |8 2\u |z 2 |s 4371 | ||
| 100 | 1 | |a Höbelt, Lothar |d 1956- |e Verfasser |4 aut |0 (DE-603)159351715 |0 (DE-588)128935499 |2 gnd | |
| 245 | 0 | 0 | |a Von Regensburg nach Prag 1630 bis 1635: Kaiser und Papst am Höhepunkt des Dreißigjährigen Krieges |c Lothar Höbelt |
| 264 | 0 | |c 2018 | |
| 336 | |a Text |b txt |2 rdacontent | ||
| 337 | |a ohne Hilfsmittel zu benutzen |b n |2 rdamedia | ||
| 338 | |a Band |b nc |2 rdacarrier | ||
| 600 | 0 | 7 | |a Ferdinand |b II. |c Heiliges Römisches Reich, Kaiser |d 1578-1637 |0 (DE-588)118532510 |0 (DE-603)08687358X |2 gnd |
| 600 | 0 | 7 | |a Urban |b VIII. |c Papst |d 1568-1644 |0 (DE-588)118625586 |0 (DE-603)086966529 |2 gnd |
| 648 | 7 | |a Geschichte 1630-1635 |2 gnd | |
| 650 | 7 | |a Internationale Politik |0 (DE-588)4072885-7 |0 (DE-603)085205222 |2 gnd | |
| 650 | 7 | |a Dreißigjähriger Krieg |0 (DE-588)4012985-8 |0 (DE-603)08502841X |2 gnd | |
| 773 | 0 | 8 | |i Enthalten in |t Römische historische Mitteilungen |d Wien : Verl. d. Österreichischen Akad. d. Wissenschaften, 1958- |x 0080-3790 |g Band 60 (2018 [2019]), Seite 101-116 |w (DE-603)047289082 |w (DE-600)206126-0 |
| 924 | 0 | |9 2080 |a (DE-603)1131603079 |b DE-2080 |c HES |d d |g / | |


